Capitals Starting with 'L' - Statistics

General Stats
  • This quiz has been taken 361 times
  • The average score is 9 of 11
Answer Stats
Continent Capital % Correct
South America Lima
96%
Europe London
94%
Europe Lisbon
91%
Europe Luxembourg
90%
South America La Paz
89%
Europe Ljubljana
83%
Africa Luanda
82%
Africa Lusaka
78%
Africa Lomé
74%
Africa Libreville
72%
Africa Lilongwe
69%
No matching quizzes found
Score Distribution
Percent of People with Each Score
Percentile by Number Answered
Your Score History
You have not taken this quiz